000 00782 a2200181 4500
020 _a0-7203-0864-8
020 _a9780750308649
082 0 4 _a539.721
090 _c1495
_d1495
100 1 _aAitchison, I.J.R.
245 1 0 _aGauge theories in particle physics, third edition - 2 volume set : Vol 1
_bgauge theories in particle physics :
_ba practical introduction.
_nVol. 1 - from relativistic quantum mechanics to qed /
_cI.J.R. Aitchison, A.J.G. Hey.
250 _a3rd Rev ed.
260 _a[S.l.] :
_bTaylor & Francis,
_c2002.
300 _a422 p. ;
_c23 cm.
700 1 _aHey, A.J.G.
942 _aSNS
_cBK
_k539.721 AIT
999 _c30106
_d30106